NCIS: Los Angeles Quiz - Statistics

General Stats
  • This quiz has been taken 143 times
  • The average score is 12 of 30
Answer Stats
Question Answer % Correct
What does the N stand for in NCIS? Naval
78%
Who got Married in Season 10? Kensi Blye & Martin Deeks
74%
What is Hetty short for? Henrietta
71%
Who is the actor that plays Sam Hanna? LL Cool J
70%
Who is the director of NCIS? Leon Vance
69%
Who does Eric Christian Olsen Play? Martin Deeks
67%
How many kids does Sam have? 2
66%
What does the g stand for in G. Callen? Grisha
59%
How many siblings does Kensi have? 0
56%
What was the name of Sam's wife? Michelle
55%
What was Deeks' former job? LAPD
50%
What Agency does Sabitino work for? CIA
47%
What country was Callen born in? Romania
47%
What is the last name of the admiral running the office? Killbride
44%
What agency does Talia Del Campo work for? DEA
42%
What does the I stand for in NCIS Investigative
39%
Who did Renee Felice Smith Play? Nell Jones
39%
Who did Deeks shoot when he was 10? His Dad
38%
What kind of car does Sam drive? Challenger
28%
What is the name of Deeks' mom? Roberta
28%
What is the Name of the Agent that was Killed in Season 1? Dominic Vail
26%
What is the name of Callen's current girlfriend? Anna Kolcheck
23%
What is the Name of the EAD that was there in Season 9 Shay Mosley
23%
What is the name of the Russian operative that Ana helped break out of jail? Katya
22%
What is the name of Granger's daughter? Jennifer Kim
21%
Who is the actor that played Eric Beale? Barrett Foa
20%
What is the name of the two newest agents? Fatima Namazi & Devin Rountree
12%
What was Nell's job? Intelligence analyst
10%
What is the name of the Mole inside their Agency? Carl Brown
9%
Who Killed Katya? Joelle Taylor
7%
No matching quizzes found
Score Distribution
Percent of People with Each Score
Percentile by Number Answered
Your Score History
You have not taken this quiz